Normal view
MARC view
- Academic Skills reading-writing-and study skills
Entry Topical Term
001 - CONTROL NUMBER
- control field: 3473
003 - CONTROL NUMBER IDENTIFIER
- control field: JO-AjAnu
005 - DATE AND TIME OF LATEST TRANSACTION
- control field: 20230606070855.0
008 - FIXED-LENGTH DATA ELEMENTS
- fixed length control field: 230606|| aca||aabn | a|a d
040 ## - CATALOGING SOURCE
- Original cataloging agency: JO-AjAnu
- Transcribing agency: JO-AjAnu
150 ## - HEADING--TOPICAL TERM
- Topical term or geographic name entry element: Academic Skills reading-writing-and study skills
670 ## - SOURCE DATA FOUND
- Source citation: Work cat.: (JO-AjAnu)1812: Philpot and Lesley Curnick تاليف;Liz and John Soars محرر, author 3472, New Headway :Academic Skills reading,writing,and study skills Level 3